| 000 | 00529cam a22001571 4500 | ||
|---|---|---|---|
| 082 |
_a531.1 _bBRA _cL-5, P-40 |
||
| 100 | 1 |
_aBrand, Louis, _939897 |
|
| 245 | 1 | 0 |
_aVectorial mechanics, _cby Louis Brand ... |
| 260 |
_aNew York, _bJ. Wiley & Sons, inc.; _aLondon, _bChapman & Hall, limited, _c1930. |
||
| 300 |
_a2 p. l., iii-xvii, 556 p. _billus., diagrs. _c23 cm. |
||
| 526 |
_a0 _b0 _c0 _d531_100000000000000_BRA |
||
| 650 | 0 |
_aMCE _9379 |
|
| 650 | 0 |
_aMechanics, Analytic. _939816 |
|
| 650 | 0 |
_aVector analysis. _91184 |
|
| 942 |
_2ddc _cBK |
||
| 999 |
_c544304 _d544304 |
||